000 00836cab a2200289 4500
001 WB3035-18
008 090401t1994 xxu||||| |||| 00| 0 eng d
035 _a(Sirsi) u52814
041 _aeng
245 _aLand drainage law
260 _c1994
350 _a0
490 _aDaily Telegraph
_v21 September 1994, 26
490 _aMAFF News Release
_v(349/94) 21 September 1994 (2)
520 _aThe Land Drainage Act has come into force. Farmers will be prevented from draining wetlands and endangering plants and wildlife.
650 _aDRAINAGE COMMITTEES
650 _aDRAINAGE
650 _aFLOODING
650 _aLAND DRAINAGE ACT 1994
650 _aPLANTS
650 _aWETLANDS
650 _aWILDLIFE
690 _aENVIRONMENTAL AND LAND CONSULTANCY
690 _aWATER
942 _n0
948 _c04/03/1997
999 _c32609
_d32609